| 000 | 01690cad a22003255a 4500 | ||
|---|---|---|---|
| 001 | L159267 | ||
| 008 | 130206s2016 xxk f 000 0 eng d | ||
| 020 | _a9781783211364 | ||
| 035 | _a(Sirsi) u159267 | ||
| 041 | 0 | _aeng | |
| 050 | 0 | 4 | _a658.202 |
| 110 | 2 |
_aRoyal Institution of Chartered Surveyors _94900 |
|
| 245 |
_aLife cycle costing _h[electronic resource] |
||
| 260 |
_aLondon _bRICS _c2016 |
||
| 490 | 0 | _aRICS Practice Information | |
| 490 | 0 | _aRICS Guidance Note | |
| 490 | 0 | _aRICS Black Book | |
| 500 | _aThis document was reissued in June 2025 as practice information. It had previously been published in April 2016 as a guidance note. The regulatory requirements remain the same and no material changes have been made to the document. References in Appendix C to NRM have been updated from the previous version to the 2021 edition. | ||
| 520 | _aSummarises what is meant by a life cycle costing and whole life costing service for both new construction works and for the refurbishment of existing assets. The guidance follows the guiding principles outlined in the BCIS/BSI publication PD15686-5 Standardized Method of Life Cycle Costing for Construction Procurement. Effective from 1 July 2016. | ||
| 590 | _aKA | ||
| 650 | 2 | 4 | _aRICS BLACK BOOK |
| 650 | 2 | 4 | _aLIFE CYCLE COSTING |
| 650 | 2 | 4 | _aWHOLE LIFE COSTS |
| 650 | 2 | 4 | _aSTANDARDISED METHOD OF LIFECYCLE COSTING (SMLCC) |
| 651 | 4 | _aENGLAND AND WALES | |
| 690 |
_aQuantity surveying _96263 |
||
| 690 |
_aProcurement _96260 |
||
| 856 | 4 | 0 |
_uhttps://www.rics.org/uk/upholding-professional-standards/sector-standards/construction/black-book/lifecycle-costing/ _zAvailable free on RICS.org |
| 942 |
_n0 _2ddc |
||
| 999 |
_c115772 _d115772 |
||